Music Quiz

Random Music or Lyrics Quiz

The Beatles: Penny Lane (Clicky-Oke) Quiz Stats

 Plays Quiz Updated Apr 16, 2018

Score 0/27 Timer 05:00
2 Plays Today
% Correct
pleasure to have known
91.2%
ears and in my eyes
88.3%
say hello
87.4%
ears and in my eyes
86.8%
barber showing photographs
86.8%
blue suburban skies
86.8%
laugh at him behind his back
84.8%
wears a Mac
83.8%
banker with a motorcar
83.4%
clean machine
83.1%
fire engine clean
82.4%
portrait of the Queen
82%
fireman with an hourglass
76.5%
that come and go
76.1%
% Correct
very strange
75.9%
middle of a roundabout
74.9%
she's in a play, she is anyway
74.8%
shaves another customer
74.3%
very strange
73.8%
fish and finger pies
73.3%
fireman rushes in
71.6%
selling poppies from a tray
70.6%
sitting waiting for a trim.
70.1%
meanwhile back
70%
There beneath the blue suburban skies
66.8%
Penny Lane
53.9%
meanwhile back
53.7%

You're not logged in!

Compare scores with friends on all Sporcle quizzes.
OR
Log In

Sporcle TV

Today on Sporcle TV


Watch our educational content, quiz creation guides, and fun videos on Sporcle TV.

Show Comments

Extras

Top Quizzes Today


Score Distribution

Your Account Isn't Verified!

In order to create a playlist on Sporcle, you need to verify the email address you used during registration. Go to your Sporcle Settings to finish the process.

Report this User

Report this user for behavior that violates our Community Guidelines.

Details: